Normal view
MARC view
- KIBERT, CHARLESJ
Entry Personal Name
001 - CONTROL NUMBER
- control field: 86399
003 - CONTROL NUMBER IDENTIFIER
- control field: NUST
005 - DATE AND TIME OF LATEST TRANSACTION
- control field: 20211210143305.0
008 - FIXED-LENGTH DATA ELEMENTS
- fixed length control field: 211210|| aca||aabn | a|a d
040 ## - CATALOGING SOURCE
- Original cataloging agency: NUST
- Transcribing agency: NUST
100 ## - HEADING--PERSONAL NAME
- Personal name: KIBERT, CHARLESJ
670 ## - SOURCE DATA FOUND
- Source citation: Work cat.: (NUST): KIBERT, CHARLESJ., SUSTAINABLE CONSTRUCTION /, 2016.
